000 00929nam a2200265 a 4500
008 951123s1985||||[C 0 slo c
020 _c100 Kčs.
_q(8000 výtl.)
040 _aSNK
_bslo
_cSNK
_eAACR2
041 1 _aslo
_hslo
044 _axo
_cSK
080 _a75(100)+75(437.6)(084.12)
080 _a75(437.6)(084.12)
080 _a75(437.6)(084.12)
080 _a779
100 1 _aVaculík, Karol
_4aut
245 1 0 _aSlovenská národná galéria
_bSto diel slovenského a svetového maliarstva
_cKarol Vaculík ; Tibor Hrabovský, Karol Vaculík, Magdaléna Robinsonová
250 _a1., vyd.
260 _aBratislava
_bTatran
_c1985
_eMartin
_fTlačiarne SNP
300 _a240 s., 21,52 AH
_bSch.
_c28 cm
500 _aFot. na front. Zozn. reprod. diel Res. rus., angl., nem. a franc.
700 1 _aHrabovský, Tibor
_4bkd
700 1 _aVaculík, Karol
_4bkd
700 1 _aRobinsonová, Magdaléna
_4bkd
958 _aA
999 _c14966
_d14966